Catálogo público

Diseño del embalaje para exportación : (Record no. 173526)

MARC details
000 -CABECERA
campo de control de longitud fija 04699nam a2200421 a 4500
001 - NÚMERO DE CONTROL
campo de control dia_3021
003 - IDENTIFICADOR DEL NÚMERO DE CONTROL
campo de control CHAP
005 - FECHA Y HORA DE LA ÚLTIMA TRANSACCIÓN
campo de control 20230313104538.0
007 - CAMPO FIJO DE DESCRIPCIÓN FÍSICA--INFORMACIÓN GENERAL
campo de control de longitud fija ta
008 - DATOS DE LONGITUD FIJA--INFORMACIÓN GENERAL
campo de control de longitud fija 220117s1993 mx a f 001 0 spa d
010 ## - NÚMERO DE CONTROL DE LA BIBLIOTECA DEL CONGRESO
Número de control de LC 173526
020 ## - NÚMERO INTERNACIONAL ESTÁNDAR DEL LIBRO
Número Internacional Estándar del Libro 970-91175-0-5
020 ## - NÚMERO INTERNACIONAL ESTÁNDAR DEL LIBRO
Número Internacional Estándar del Libro 970-91175-1-3
040 ## - FUENTE DE LA CATALOGACIÓN
Centro/agencia transcriptor CHAP
Centro catalogador/agencia de origen mxchpua
050 ## - SIGNATURA TOPOGRÁFICA DE LA BIBLIOTECA DEL CONGRESO
Número de clasificación TS195.4
Número de documento/Ítem .C45 1993
082 ## - NÚMERO DE LA CLASIFICACIÓN DECIMAL DEWEY
Número de clasificación 688.8
Número de documento/Ítem C45 1993
Número de edición 20
100 1# - ENTRADA PRINCIPAL--NOMBRE DE PERSONA
Nombre de persona Celorio Blasco, Carlos
9 (RLIN) 149571
Término indicativo de función/relación autor
245 10 - MENCIÓN DE TÍTULO
Título Diseño del embalaje para exportación :
Resto del título introducción /
Mención de responsabilidad, etc. Carlos Celorio Blasco
250 ## - MENCIÓN DE EDICIÓN
Mención de edición 1a edición
300 ## - DESCRIPCIÓN FÍSICA
Extensión 245 páginas :
Otras características físicas ilustraciones
500 ## - NOTA GENERAL
Nota general El ejemplar dos es reimpresión 2017
504 ## - NOTA DE BIBLIOGRAFÍA, ETC.
Nota de bibliografía, etc. Bibliografía: páginas 239-245
505 ## - NOTA DE CONTENIDO CON FORMATO
Nota de contenido con formato INDICE AUTORES --<br/>Prólogo --<br/><br/>Prefacio --<br/><br/>Plan general de la obra --<br/><br/>Ventajas del embalaje --<br/><br/>El embalaje reduce el desperdicio --<br/>El embalaje facilita la clasificación --<br/>El embalaje permite el acceso al producto --<br/>El embalaje informa --<br/>El embalaje exhibe --<br/>El embalaje permite la respiración de frutas frescas --<br/>El embalaje protege contra el producto --<br/>El embalaje distribuye mercancías a comunidades marginadas --<br/>El embalaje facilita la ayuda de emergencia --<br/>Resumen --<br/><br/>CAPITULO 1 --<br/><br/>Glosario conceptual --<br/>Envase primario, secundario y terciario --<br/>Esquema del sistema de envase --<br/>Diferencias entre envase, empaque y embalaje --<br/>Funciones del envase --<br/>Funciones del embalaje --<br/>Protección del embalaje --<br/>Resumen --<br/>Concepto de distribución --<br/>Pasos de la distribución --<br/>Resumen --<br/>Concepto de exportación --<br/>Emblema de los productos mexicanos de exportación --<br/>Diferentes tipos de diseño relacionados con el embalaje --<br/>Diseño en general --<br/>Diseño artesanal --<br/>Diseño industrial --<br/>Diseño ergonómico --<br/>Diseño gráfico --<br/><br/>CAPITULO 2 --<br/><br/>Clasificación --<br/>Envases de vidrio --<br/>Envases, embalajes y contenedores metálicos --<br/>Envases de papel y embalajes de cartón --<br/>Envases y embalajes de plástico --<br/>Embalajes de madera --<br/><br/>CAPITULO 3 --<br/><br/>Metodología Básica --<br/>Ocho pasos necesarios para diseñar con éxito un embalaje para productos de exportación --<br/>Análisis del producto de exportación a embalar --<br/>Investigación de todas y cada una de las etapas de la distribución --<br/>Investigación del mercado distribuidor --<br/>Investigación de los lineamientos y políticas ecológicas del país receptor en relación con los envases y embalajes --<br/>Consulta de las normas oficiales internaciones de envase y embalaje --<br/>Determinación de requerimientos --<br/>Determinación de las especificaciones del embalaje --<br/>Diseño del embalaje --<br/><br/>CAPITULO 4 --<br/><br/>Normas de envase y embalaje --<br/>Lista clasificada de las Normas Mexicanas de envase y embalaje --<br/>Lista bilingüe de las Normas ISO de envase, embalaje y etiquetado --<br/>Bibliografía
520 ## - SUMARIO, ETC.
Sumario, etc. Prof. Carlos Celorio Blasco (1931-2002) Un hombre que dedico su vida a la enseñanza sobre el mundo del envase y embalaje, participando como consultor y catedrático en aproximadamente 100 centros de enseñanza superior en México y otros países de América Latina. Asesor por la Organización de las Naciones Unidas para América Latina en materia de Embalajes para Exportación. Llamado por el gobierno de Finlandia como capacitador en diseño de embalajes para exportación en los países de Bolivia, Perú, Uruguay y Colombia. Autor de varios libros sobre el tema de envase y embalaje, así como asesor en aproximadamente 50 tesis de licenciatura, principalmente sobre diseño gráfico de envases, diseño industrial y comercio internacional. Entre sus legados se encuentra este libro ya clásico en la literatura sobre el tema y su acervo bibliográfico, ahora disponible para todos los investigadores y estudiantes en las instalaciones del IMPEE. En Carlos Celorio se hace realidad aquella historia del CID, que aún después de su partida continua cabalgando y luchando, compartiendo con todos nosotros esta información producto de una vida de pasión y trabajo.
650 13 - PUNTO DE ACCESO ADICIONAL DE MATERIA--TÉRMINO DE MATERIA
Término de materia o nombre geográfico como elemento de entrada Envasado
Subdivisión general Diseño
9 (RLIN) 153900
650 13 - PUNTO DE ACCESO ADICIONAL DE MATERIA--TÉRMINO DE MATERIA
Término de materia o nombre geográfico como elemento de entrada Envasado
Subdivisión general Industria y comercio
9 (RLIN) 153901
Subdivisión geográfica México
650 13 - PUNTO DE ACCESO ADICIONAL DE MATERIA--TÉRMINO DE MATERIA
Término de materia o nombre geográfico como elemento de entrada Envasado
Subdivisión general Normas
9 (RLIN) 153902
650 13 - PUNTO DE ACCESO ADICIONAL DE MATERIA--TÉRMINO DE MATERIA
Término de materia o nombre geográfico como elemento de entrada Material de embalaje
9 (RLIN) 153903
650 13 - PUNTO DE ACCESO ADICIONAL DE MATERIA--TÉRMINO DE MATERIA
Término de materia o nombre geográfico como elemento de entrada Packaging
Subdivisión general Disign
9 (RLIN) 153904
650 13 - PUNTO DE ACCESO ADICIONAL DE MATERIA--TÉRMINO DE MATERIA
Término de materia o nombre geográfico como elemento de entrada Packaging
Subdivisión general Standards
9 (RLIN) 153905
650 13 - PUNTO DE ACCESO ADICIONAL DE MATERIA--TÉRMINO DE MATERIA
Término de materia o nombre geográfico como elemento de entrada Packaing
Subdivisión general Industry and trade
9 (RLIN) 153906
Subdivisión geográfica Mexico
650 13 - PUNTO DE ACCESO ADICIONAL DE MATERIA--TÉRMINO DE MATERIA
Término de materia o nombre geográfico como elemento de entrada Packing material
9 (RLIN) 153907
942 ## - ELEMENTOS DE PUNTO DE ACCESO ADICIONAL (KOHA)
Tipo de ítem Koha Libro
Fuente del sistema de clasificación o colocación Dewey Decimal Classification
260 ## - PUBLICACIÓN, DISTRIBUCIÓN, ETC.
Lugar de publicación, distribución, etc. México :
Nombre del editor, distribuidor, etc. Instituto Mexicano del Envase : Packaging Ingeniería en Envase y Embalaje,
Fecha de publicación, distribución, etc. 1993
901 ## - ELEMENTOS DE DATOS A LOCAL LDA (RLIN)
a 688.8 C45 1993
902 ## - ELEMENTOS DE DATOS B LOCAL, LDB (RLIN)
a M
905 ## - ELEMENTOS DE DATOS E LOCAL, LDE (RLIN)
a 5232271993 mx an 8222223322spa16
Holdings
Estado de retiro Estado de pérdida Fuente del sistema de clasificación o colocación Estado dañado Restricciones de uso No para préstamo Código de colección Localización permanente Ubicación/localización actual Fecha de adquisición Fuente de adquisición Número de inventario Total de préstamos Signatura topográfica completa Código de barras Fecha visto por última vez Número de copia Precio válido a partir de Tipo de ítem Koha
    Dewey Decimal Classification   Préstamo interno   General Ingenieria Agroindustrial Ingenieria Agroindustrial 23/03/2001 Compra 212267   688.8 C45 1993 1102005083 18/01/2022 Ej. 1 18/01/2022 Libro
    Dewey Decimal Classification   Préstamo interno   General Ingenieria Agroindustrial Ingenieria Agroindustrial 02/08/2022 Compra Carvann Books F. C37 Consumo   688.8 C45 2017 1102004250 18/01/2022 Ej. 2 18/01/2022 Libro